JUSTICIA Y SEGURIDAD

Salvato in:
Dettagli Bibliografici
Natura: Libro
Serie:CUADERNOS DE RENOVACION NACIONAL
Soggetti:
Tags: Aggiungi Tag
Nessun Tag, puoi essere il primo ad aggiungerne!!

MARC

LEADER 00000nam^a2200000^a^4500
001 000224414
005 20250521000000.0
009 20260310104048.4
020 |a 968-6296-14-X 
035 |a 043122 
037 |a Acervo Xavier Clavigero 
082 |a 362. 972  |b JUS V. 14 
245 1 0 |a JUSTICIA Y SEGURIDAD 
264 |a MEXICO :  |b FONDO DE CULTURA ECONOMICA,  |c 1988 
300 |a V.- 
336 |a texto  |b txt  |2 rdacontenido 
337 |a sin mediación  |b n  |2 rdamedio 
338 |a volumen  |b nc  |2 rdasoporte 
440 |a CUADERNOS DE RENOVACION NACIONAL 
649 |a XX 
650 |a Seguridad Social -  |x México 
650 |a Justicia -  |x Administración -  |z México 
910 |a Fondo General 
920 |a Impresos - Libros 
930 |a Colección General 
905 |a 101 
901 |a 043122  |b IT1  |c ACC  |i 043122  |u 20250521 
902 |a https://opac.biblio.iteso.mx/vufind/Record/000224414